| 000 | 00525nam a2200193Ia 4500 | ||
|---|---|---|---|
| 008 | 101110s9999 xx 000 0 und d | ||
| 041 | _aENGLISH | ||
| 082 |
_bSR6942 _a657.2 |
||
| 100 | _aDavar Nanabhoy S. | ||
| 245 | _aPractical Book-keeping and Accountancy Vol.II | ||
| 365 | _b10.5 | ||
| 520 | _aCommerce | ||
| 546 | _aENGLISH | ||
| 630 | _aPractical Book-keeping and Accountancy Vol.II | ||
| 650 | _aCommerce | ||
| 655 | _aCommerce | ||
| 730 | _aPractical Book-keeping and Accountancy Vol.II | ||
| 942 | _cBOOK | ||
| 999 |
_c802700 _d802697 |
||